000 00336cam a22001217a 4500
008 180718b1947 xxu||||| |||| 00| 0 eng d
082 _aR22x73 K141
100 _aKaplan, A.D.H.
245 _aGuarantee of annual wages
_cby A.D.H. Kaplan
260 _aWashington, D.C.
_bBrookings
_c1947
300 _a269p.
650 _aWages - Annual wage
999 _c371250
_d371250